000 00542nai a2200169Ia 4500
003 IN-BaIIA
008 211028c9999 xx s 000 0 eng d
022 _a1359-6462 (Online)
040 _cIIA Library
245 0 _aScripta Materialia
_h[eJournal]
260 _aOxford, U.K
_bPergamon
310 _a16/year
362 _a34(1); 1996 - Present
521 _bSubscribed through National Knowledge Resource Consortium (NKRC)
856 _uhttps://www.sciencedirect.com/science/journal/13596462
_yClick Here to Access eJournal
942 _cEJ
999 _c35680
_d35680